Maniac Magee / (Record no. 4629)
[ view plain ]
| 000 -LEADER | |
|---|---|
| fixed length control field | 00838nam a22002537a 4500 |
| 001 - CONTROL NUMBER | |
| control field | 4629 |
| 003 - CONTROL NUMBER IDENTIFIER | |
| control field | FISKH |
| 005 - DATE AND TIME OF LATEST TRANSACTION | |
| control field | 20240918120954.0 |
| 008 - FIXED-LENGTH DATA ELEMENTS--GENERAL INFORMATION | |
| fixed length control field | 240918b cb ||||| |||| 00| 0 eng d |
| 020 ## - INTERNATIONAL STANDARD BOOK NUMBER | |
| International Standard Book Number | 0316738247 |
| 040 ## - CATALOGING SOURCE | |
| Original cataloging agency | FISKH |
| Language of cataloging | eng |
| Transcribing agency | FISKH |
| Modifying agency | FISKH |
| 050 ## - LIBRARY OF CONGRESS CALL NUMBER | |
| Classification number | PZ7.S75663 |
| 082 ## - DEWEY DECIMAL CLASSIFICATION NUMBER | |
| Edition number | 371 |
| 100 ## - MAIN ENTRY--PERSONAL NAME | |
| Personal name | Spinelli, Jerry |
| Dates associated with a name | 1941- |
| 245 ## - TITLE STATEMENT | |
| Title | Maniac Magee / |
| Statement of responsibility, etc. | A novel by Jerry Spinelli |
| 250 ## - EDITION STATEMENT | |
| Edition statement | First paperback edition in 1999 |
| 260 ## - PUBLICATION, DISTRIBUTION, ETC. | |
| Place of publication, distribution, etc. | New York : |
| Name of publisher, distributor, etc. | Little, Brown and Company, |
| Date of publication, distribution, etc. | 1999. |
| 300 ## - PHYSICAL DESCRIPTION | |
| Extent | 184 pages : |
| Dimensions | 19cm |
| 520 ## - SUMMARY, ETC. | |
| Summary, etc. | After his parents die, Jeffrey Lionel Magee's life becomes legendary, as he accomplishes athletic and other feats which awe his contemporaries. |
| 650 ## - SUBJECT ADDED ENTRY--TOPICAL TERM | |
| Source of heading or term | Realistic fiction |
| Topical term or geographic name entry element | Young adult |
| Form subdivision | Friendship |
| 650 ## - SUBJECT ADDED ENTRY--TOPICAL TERM | |
| Source of heading or term | Newbery Medal |
| Topical term or geographic name entry element | Homelessness |
| 942 ## - ADDED ENTRY ELEMENTS (KOHA) | |
| Source of classification or shelving scheme | Dewey Decimal Classification |
| Koha item type | Books |
| Suppress in OPAC | No |
| Withdrawn status | Lost status | Source of classification or shelving scheme | Damaged status | Not for loan | Home library | Current library | Shelving location | Date acquired | Total Checkouts | Full call number | Barcode | Date last seen | Copy number | Price effective from | Koha item type |
|---|---|---|---|---|---|---|---|---|---|---|---|---|---|---|---|
| Dewey Decimal Classification | Footprints International School Library Network Toul Kork Campus | Footprints International School Library Network Toul Kork Campus | TTP Secondary Fiction Bookshelves | 09/18/2024 | SPI 371 PZ7.S75663 | 2024-2011 | 09/18/2024 | 1 | 09/18/2024 | Books |
